Name changes of NBA teams since 1970 - Statistics

General Stats
  • This quiz has been taken 52 times
  • The average score is 4 of 5
Answer Stats
Current Name Former Name % Correct
Oklahoma City Thunder Supersonics
98%
Washington Wizards Bullets
89%
Charlotte Hornets Bobcats
87%
New Orleans Pelicans Hornets
87%
Los Angeles Clippers Braves
53%
No matching quizzes found
Score Distribution
Percent of People with Each Score
Percentile by Number Answered
Your Score History
You have not taken this quiz